ბათუმის შოთა რუსთაველის სახელმწიფო უნივერსიტეტის ბიბლიოთეკა

სტომატოლოგიური დაავადებათა პროფილაქტიკა (ბიბ.ჩანაწერი № 49304)

000 -LEADER
fixed length control field 00861nam a2200229Ia 4500
001 - CONTROL NUMBER
control field 16220
003 - CONTROL NUMBER IDENTIFIER
control field GE_BSU
008 - FIXED-LENGTH DATA ELEMENTS--GENERAL INFORMATION
fixed length control field 181216s||||||||xx |||||||||||||| ||und||
040 ## - CATALOGING SOURCE
Transcribing agency GE_BSU
100 ## - MAIN ENTRY--PERSONAL NAME
Personal name შიშნიაშვილი,თამარ
245 ## - TITLE STATEMENT
Title სტომატოლოგიური დაავადებათა პროფილაქტიკა
245 ## - TITLE STATEMENT
Remainder of title სტომატოლოგიური ფაკ-ტის სტუდ-თვის
260 ## - PUBLICATION, DISTRIBUTION, ETC.
Place of publication, distribution, etc. თბილისი
260 ## - PUBLICATION, DISTRIBUTION, ETC.
Name of publisher, distributor, etc. გ.გ
260 ## - PUBLICATION, DISTRIBUTION, ETC.
Date of publication, distribution, etc. 2012
300 ## - PHYSICAL DESCRIPTION
Extent 248გვ;ილ;20სმ.
653 ## - INDEX TERM--UNCONTROLLED
Uncontrolled term მედიცინა
653 ## - INDEX TERM--UNCONTROLLED
Uncontrolled term სტომატოლოგია
653 ## - INDEX TERM--UNCONTROLLED
Uncontrolled term სტომატოლოგიური დაავადებათა პროფილაქტიკა
942 ## - ADDED ENTRY ELEMENTS (KOHA)
Koha item type წიგნი
ეგზემპლარები
Withdrawn status Lost status Damaged status Not for loan Date acquired Barcode Date last seen Price effective from Koha item type
        2018-12-17 39931 2018-12-17 2018-12-17 წიგნი
        2018-12-17 39932 2018-12-17 2018-12-17 წიგნი
        2018-12-17 39933 2018-12-17 2018-12-17 წიგნი
        2018-12-17 39934 2018-12-17 2018-12-17 წიგნი
        2018-12-17 39935 2018-12-17 2018-12-17 წიგნი